000 01037nam a22002777a 4500
005 20240530110906.0
008 220228s2006 ua g 000 0 ara d
017 _a2005/9907
_bمصر. دار الكتب
020 _a9773561216
040 _aEG-CaGPL
_cEG-CaGPL
082 0 4 _221
_a306.84/
_bن ز
100 0 _aنادية منصور
245 1 2 _aالزواج السرى :
_bظاهرة الزواج العرفى : اسبابة والاثار المترتبة علية /
_cنادية منصور
250 _aط.1
260 _aالقاهرة :
_bهلا للنشر والتوزيع،
_c2006.
300 _a128 ص. ؛
_c19 سم.
650 0 7 _2qrmak
_aالزواج
650 0 7 _2qrmak
_aالاحوال الشخصية
650 0 7 _2qrmak
_aالزواج
_xقوانين وتشريعات
650 0 7 _2qrmak
_aالزواج العرفى
651 _2qrmak
653 0 _aالزواج السرى - اسبابة
653 0 _aالزواج السرى - اثارة
942 _2ddc
_cBK
999 _c66219
_d66219